| 000 | 00364nam a2200145Ia 4500 | ||
|---|---|---|---|
| 008 | 210210b2005 xxu||||| |||| 00| 0 eng d | ||
| 020 | _a81 8356 007 5 | ||
| 082 | _a658 RATT | ||
| 100 | _aRATH (Sashibhusan). | ||
| 245 | _aThoughts on management. | ||
| 260 |
_aN D _bDiscovery Publishing House _c2005 |
||
| 300 | _a296 | ||
| 690 | _aManagement | ||
| 906 | _a060714 | ||
| 999 |
_c107737 _d107737 |
||